Chiesa (La)-Colonna sonora (Record n. 99904)

Dettagli MARC
000 -LEADER
fixed length control field 01972njm a2200361Ia 4500
001 - CONTROL NUMBER
control field 78442
003 - CONTROL NUMBER IDENTIFIER
control field IT-RoPAU
005 - DATE AND TIME OF LATEST TRANSACTION
control field 20220918181122.0
008 - FIXED-LENGTH DATA ELEMENTS--GENERAL INFORMATION
fixed length control field 131025s9999 xx 000 0 und d
040 ## - CATALOGING SOURCE
Original cataloging agency IT-RoPAU
040 ## - CATALOGING SOURCE
Transcribing agency IT-RoPAU
999 ## - SYSTEM CONTROL NUMBERS (KOHA)
Koha Dewey Subclass [OBSOLETE] n.d.
100 ## - MAIN ENTRY--PERSONAL NAME
Personal name AA.VV.
9 (RLIN) 794
100 ## - MAIN ENTRY--PERSONAL NAME
Relator term Autore musica
9 (RLIN) 25721
100 ## - MAIN ENTRY--PERSONAL NAME
Miscellaneous information Codice autore musica SPICS: 12000
9 (RLIN) 796
245 ## - TITLE STATEMENT
Title Chiesa (La)-Colonna sonora
250 ## - EDITION STATEMENT
Edition statement 1a ed.
260 ## - PUBLICATION, DISTRIBUTION, ETC. (IMPRINT)
Place of publication, distribution, etc. ITALIA
260 ## - PUBLICATION, DISTRIBUTION, ETC. (IMPRINT)
Name of publisher, distributor, etc. CINEVOX RECORD
Date of publication, distribution, etc. 1989 [1a Ed.:1989 - Ed. Lingua Orig.: 1989]
300 ## - PHYSICAL DESCRIPTION
Extent DISCO
300 ## - PHYSICAL DESCRIPTION
Dimensions 44 minuti (Testo: 0 pag.)
500 ## - GENERAL NOTE
General note Colonna sonora del film "La Chiesa" di Dario Argento e Franco Ferrini diretto da Michele Soavi
505 ## - FORMATTED CONTENTS NOTE
Formatted contents note The Possession [(Emerson Keith) (3:00)] - Lotte [(Goblin) (4:00)] - Go To Hell [(Zooming On The Zoo) (4:00)] - The Wire Blaze [(Definitive Gaze) (4:00)] - The Church Revisited [(Emerson Keith) (5:00)] - The Church: Main Theme [(Emerson Keith) (5:00)] - La Chiesa [(Goblin) (6:00)] - Prelude 24 [(From Well Tempered Clavier) (Emerson Keith) (3:00)] - Possessione [(Goblin) (4:00)] - Floe [(Emerson Keith) (9:00)]
650 ## - SUBJECT ADDED ENTRY--TOPICAL TERM
Topical term or geographic name as entry element COLONNA SONORA [DISCHI]
Relator term Codice MATERIA SPICS: 9950
9 (RLIN) 25722
700 ## - ADDED ENTRY--PERSONAL NAME
Personal name Emerson Keith
Dates associated with a name Codice autore musica SPICS: 10877
Relator term Autore musica
Name of part/section of a work The Possession - The Church Revisited - The Church: Main Theme - Prelude 24
9 (RLIN) 25723
700 ## - ADDED ENTRY--PERSONAL NAME
Personal name Pignatelli Fabio
Dates associated with a name Codice autore musica SPICS: 15929
Relator term Autore musica
Name of part/section of a work Lotte - La Chiesa - Possessione
9 (RLIN) 25724
700 ## - ADDED ENTRY--PERSONAL NAME
Personal name Carola
Dates associated with a name Codice autore musica SPICS: 27028
Relator term Autore musica
Name of part/section of a work Go To Hell
9 (RLIN) 25725
700 ## - ADDED ENTRY--PERSONAL NAME
Personal name Rinaldi
Dates associated with a name Codice autore SPICS: 27029
Relator term Autore
Name of part/section of a work Go To Hell
9 (RLIN) 25726
700 ## - ADDED ENTRY--PERSONAL NAME
Personal name Manzo
Dates associated with a name Codice autore musica SPICS: 15864
Relator term Autore musica
Name of part/section of a work The Wire Blaze
9 (RLIN) 25727
700 ## - ADDED ENTRY--PERSONAL NAME
Personal name Bach Johann Sebastian
Dates associated with a name Codice autore SPICS: 9695
Relator term Autore
Name of part/section of a work Prelude 24
9 (RLIN) 25728
700 ## - ADDED ENTRY--PERSONAL NAME
Personal name Glass Philip
Dates associated with a name Codice autore musica SPICS: 11482
Relator term Autore musica
Name of part/section of a work Floe
9 (RLIN) 25729
942 ## - ADDED ENTRY ELEMENTS (KOHA)
Koha item type DISCHI
Source of classification or shelving scheme Dewey Decimal Classification
Dati di copia
Withdrawn status Lost status Damaged status Not for loan Home library Current library Date acquired Total Checkouts Full call number Date last seen Price effective from Koha item type Public note
    Buone Condizioni Not For Loan SPICS-MEDIATECA SPICS-MEDIATECA 25/10/2013   78442 25/10/2013 25/10/2013 DISCHI Progr. Ins.: 18704 / N.Vol.: 1 / Copie: 1 - Copia rara: n.d. / date import: 01.01.2014 - By Epidotti, Trombetti, Vaglietti
CREDITS: SOCIETA' SAN PAOLO Via A.Severo, 58 - ROMA (RM) & PERIODICI SAN PAOLO SRL Via Giotto, 36 MILANO & CISF Via Giotto, 36 MILANO & EDIZIONI SAN PAOLO SRL,  Piazza Soncino, 5 CINISELLO BALSAMO (MI) -- ITALY